Active MetaFilter Users Quiz Stats

 Plays Quiz not verified by Sporcle

Score 0/200 Timer 10:00
0 Plays Today
User Name % Correct
jessamyn
85.9%
cortex
85.2%
The Whelk
46.9%
Astro Zombie
46.1%
hermitosis
43%
St. Alia of the Bunnies
34.4%
jonmc
31.3%
Artw
29.7%
jedicus
28.1%
Miko
28.1%
DU
27.3%
Joe Beese
26.6%
sonika
25%
languagehat
25%
delmoi
24.2%
Greg Nog
21.9%
griphus
18.8%
nomadicink
18.8%
empath
18%
Faze
18%
Rhaomi
17.2%
Burhanistan
15.6%
zarq
15.6%
desjardins
14.8%
grapefruitmoon
14.8%
clavdivs
14.1%
Pope Guilty
13.3%
rtha
13.3%
grumblebee
13.3%
Marisa Stole the Precious Thing
13.3%
flapjax at midnite
12.5%
EmpressCallipygos
12.5%
Kattullus
12.5%
shakespeherian
11.7%
Cool Papa Bell
11.7%
klangklangston
11.7%
filthy light thief
10.2%
Ironmouth
10.2%
crunchland
10.2%
oneswellfoop
10.2%
ericb
9.4%
koeselitz
9.4%
bearwife
9.4%
Eideteker
9.4%
John Cohen
8.6%
Decani
7.8%
HuronBob
7.8%
The Lady is a designer
7.8%
PhoBWanKenobi
7.8%
anniecat
7.8%
Sys Rq
7%
UbuRoivas
7%
Malor
7%
hippybear
6.3%
The World Famous
6.3%
furiousxgeorge
6.3%
five fresh fish
6.3%
cjorgensen
6.3%
Joe in Australia
6.3%
homunculus
5.5%
infini
5.5%
angrycat
5.5%
unSane
5.5%
straight
5.5%
Abiezer
5.5%
Devils Rancher
4.7%
Gator
4.7%
User Name % Correct
(Arsenio) Hall and (Warren) Oates
4.7%
enn
4.7%
kittens for breakfast
4.7%
elizardbits
4.7%
hal_c_on
4.7%
Forktine
3.9%
pyramid termite
3.9%
liza
3.9%
naju
3.9%
kmz
3.1%
valkyryn
3.1%
JHarris
3.1%
pracowity
3.1%
fourcheesemac
3.1%
immlass
3.1%
Solon and Thanks
3.1%
Mitheral
3.1%
edbles
3.1%
jtron
3.1%
quin
2.3%
Justinian
2.3%
AElfwine Evenstar
2.3%
brundlefly
2.3%
davejay
2.3%
l33tpolicywonk
2.3%
Potomac Avenue
2.3%
vorfeed
2.3%
Alvy Ampersand
2.3%
East Manitoba Regional Junior Kabaddi Champion '94
2.3%
box
2.3%
Durn Bronzefist
1.6%
saulgoodman
1.6%
smackfu
1.6%
muddgirl
1.6%
ROU_Xenophobe
1.6%
Navelgazer
1.6%
fearfulsymmetry
1.6%
MCMikeNamara
1.6%
The Card Cheat
1.6%
mippy
1.6%
blue_beetle
1.6%
Sticherbeast
1.6%
charlie don't surf
1.6%
norm
1.6%
Postroad
1.6%
Senor Cardgage
1.6%
smoke
1.6%
mrgrimm
0.8%
blucevalo
0.8%
Mister_A
0.8%
KirkJobSluder
0.8%
Jimmy Havok
0.8%
philip-random
0.8%
joe lisboa
0.8%
Halloween Jack
0.8%
Threeway Handshake
0.8%
grubi
0.8%
boo_radley
0.8%
octothorpe
0.8%
KokuRyu
0.8%
Xoebe
0.8%
Mental Wimp
0.8%
verb
0.8%
Slap*Happy
0.8%
MuffinMan
0.8%
The 10th Regiment of Foot
0.8%
paisley henosis
0.8%
User Name % Correct
doublehappy
0.8%
mazola
0.8%
localroger
0.8%
VikingSword
0.8%
maxwelton
0.8%
Nelson
0.8%
warbaby
0.8%
Babblesort
0.8%
StickyCarpet
0.8%
Jimbob
0.8%
Think_Long
0.8%
Old'n'Busted
0.8%
P.o.B.
0.8%
Countess Elena
0.8%
bonehead
0.8%
Ghidorah
0.8%
spicynuts
0.8%
uncanny hengeman
0.8%
adamvasco
0.8%
rocket88
0.8%
GuyZero
0%
wierdo
0%
Civil_Disobedient
0%
humanfont
0%
Trochanter
0%
mccarty.tim
0%
adipocere
0%
codacorolla
0%
schmod
0%
bwg
0%
Splunge
0%
krinklyfig
0%
shinybaum
0%
Fizz
0%
chavenet
0%
yeloson
0%
symbioid
0%
ChurchHatesTucker
0%
IndigoJones
0%
rusty
0%
XQUZYPHYR
0%
Joey Michaels
0%
The Winsome Parker Lewis
0%
GenjiandProust
0%
ricochet biscuit
0%
everichon
0%
Thorzdad
0%
JPD
0%
Skygazer
0%
benzenedream
0%
cavalier
0%
gompa
0%
atrazine
0%
lupus_yonderboy
0%
dirigibleman
0%
ardgedee
0%
Twang
0%
three blind mice
0%
dabitch
0%
kafziel
0%
ovvl
0%
rough ashlar
0%
clarknova
0%
XMLicious
0%
Theta States
0%
mr_crash_davis mark II: Jazz Odyssey
0%

You're not logged in!

Compare scores with friends on all Sporcle quizzes.
OR
Log In

Show Comments

Extras

Created Nov 30, 2010ReportNominate
Tags:active, user

Top Quizzes Today


Score Distribution

Your Account Isn't Verified!

In order to create a playlist on Sporcle, you need to verify the email address you used during registration. Go to your Sporcle Settings to finish the process.

Report this User

Report this user for behavior that violates our Community Guidelines.

Details: